01188nam a22002057a 4500003000900000020001800009040002800027082001700055100002000072245015700092260004500249300002700294520045300321534003700774650003100811650004600842650003800888700002200926700003400948CO-ViMGA a9789587664652 aCO-ViMGAbspacCO-ViMGA04a567.91bE56e1 aPalmer, Douglas10aEnciclopedia de los dinosaurios y otros animales prehistoricos /cDouglas Palmer ; ilustrador Tim Bewer ...[et al.] ; traductora Maria Patricia Esguerra aBogota :bPanamericana Editorial, c2014 a256 p. :bil. ; 27 cm. aMás de 250 imágenes a todo color, espléndidas ilustraciones de quién es quién en el mando prehistórico, incluye características especiales de la vida en la Tierra en los tiempos de los dinosaurios. Gráficas que muestran la relación entre criaturas, páginas que se enfocan en el comportamiento de los dinosaurios y explican el porqué de su desaparición. Una guía para la casa o la escuela... tomado de http://bit.ly/2LNLrk5 pChildren?s Dinosaur Encyclopedia14aDinosauriosxEnciclopedias14aEnciclopedias y diccionarios para niños14aReptiles fósilesxEnciclopedias1 aBewer, Tim, eil.1 aEsguerra, Maria PatriciaeTr.